<?xml version="1.0" encoding="UTF-8"?>
<record
    xmlns:xsi="http://www.w3.org/2001/XMLSchema-instance"
    xsi:schemaLocation="http://www.loc.gov/MARC21/slim http://www.loc.gov/standards/marcxml/schema/MARC21slim.xsd"
    xmlns="http://www.loc.gov/MARC21/slim">

  <leader>03018njm a2200505Ia 4500</leader>
  <controlfield tag="001">24111</controlfield>
  <controlfield tag="003">IT-RoPAU</controlfield>
  <controlfield tag="005">20220918181123.0</controlfield>
  <controlfield tag="008">131025s9999    xx            000 0 und d</controlfield>
  <datafield tag="040" ind1=" " ind2=" ">
    <subfield code="a">IT-RoPAU</subfield>
  </datafield>
  <datafield tag="040" ind1=" " ind2=" ">
    <subfield code="c">IT-RoPAU</subfield>
  </datafield>
  <datafield tag="999" ind1=" " ind2=" ">
    <subfield code="c">99959</subfield>
    <subfield code="d">99959</subfield>
  </datafield>
  <datafield tag="999" ind1=" " ind2=" ">
    <subfield code="b">n.d.</subfield>
  </datafield>
  <datafield tag="100" ind1=" " ind2=" ">
    <subfield code="a">AA.VV.</subfield>
    <subfield code="9">794</subfield>
  </datafield>
  <datafield tag="100" ind1=" " ind2=" ">
    <subfield code="e">Autore musica</subfield>
    <subfield code="9">8884</subfield>
  </datafield>
  <datafield tag="100" ind1=" " ind2=" ">
    <subfield code="g">Codice autore musica SPICS: 12000</subfield>
    <subfield code="9">796</subfield>
  </datafield>
  <datafield tag="245" ind1=" " ind2=" ">
    <subfield code="a">Fiesta</subfield>
  </datafield>
  <datafield tag="250" ind1=" " ind2=" ">
    <subfield code="a">1a ed.</subfield>
  </datafield>
  <datafield tag="260" ind1=" " ind2=" ">
    <subfield code="a">LONDRA</subfield>
  </datafield>
  <datafield tag="260" ind1=" " ind2=" ">
    <subfield code="b">POLYDOR INC</subfield>
    <subfield code="c">1973 [1a Ed.:1973]</subfield>
  </datafield>
  <datafield tag="300" ind1=" " ind2=" ">
    <subfield code="a">DISCO</subfield>
  </datafield>
  <datafield tag="500" ind1=" " ind2=" ">
    <subfield code="a">Musica strumentale messicana</subfield>
  </datafield>
  <datafield tag="505" ind1=" " ind2=" ">
    <subfield code="a">Fiesta mexicana - Canta libre - Un canto a Galicia (Words We Now Regret) - Concierto de Aranjuez - The Mosquito - Eres tu (Touch the Wind) - Happy Mexican - Ela, ela - It Never Rains in Southern California - Yellow Boomerang - When the Sun Says Goodnight To the Mountain - Last Tango in Paris</subfield>
  </datafield>
  <datafield tag="650" ind1=" " ind2=" ">
    <subfield code="a">STRUMENTALE [DISCHI]</subfield>
    <subfield code="e">Codice MATERIA SPICS: 9950</subfield>
    <subfield code="9">828</subfield>
  </datafield>
  <datafield tag="700" ind1=" " ind2=" ">
    <subfield code="a">Delgado Roberto</subfield>
    <subfield code="g">Codice interprete SPICS: 7994</subfield>
    <subfield code="e">Interprete</subfield>
    <subfield code="9">8885</subfield>
  </datafield>
  <datafield tag="700" ind1=" " ind2=" ">
    <subfield code="a">Siegel R.M.</subfield>
    <subfield code="g">Codice autore musica SPICS: 14420</subfield>
    <subfield code="e">Autore musica</subfield>
    <subfield code="p">Fiesta mexicana</subfield>
    <subfield code="9">8886</subfield>
  </datafield>
  <datafield tag="700" ind1=" " ind2=" ">
    <subfield code="a">Holm J.</subfield>
    <subfield code="g">Codice autore SPICS: 25555</subfield>
    <subfield code="e">Autore</subfield>
    <subfield code="p">Fiesta mexicana</subfield>
    <subfield code="9">8887</subfield>
  </datafield>
  <datafield tag="700" ind1=" " ind2=" ">
    <subfield code="a">Diamond Neil</subfield>
    <subfield code="g">Codice autore musica SPICS: 10867</subfield>
    <subfield code="e">Autore musica</subfield>
    <subfield code="p">Canta libre</subfield>
    <subfield code="9">8888</subfield>
  </datafield>
  <datafield tag="700" ind1=" " ind2=" ">
    <subfield code="a">Iglesias Julio</subfield>
    <subfield code="g">Codice autore musica SPICS: 8046</subfield>
    <subfield code="e">Autore musica</subfield>
    <subfield code="p">Un canto a Galicia (Words We Now Regret)</subfield>
    <subfield code="9">8889</subfield>
  </datafield>
  <datafield tag="700" ind1=" " ind2=" ">
    <subfield code="a">Rodrigo Joaquin</subfield>
    <subfield code="g">Codice autore musica SPICS: 8167</subfield>
    <subfield code="e">Autore musica</subfield>
    <subfield code="p">Concierto de Aranjuez</subfield>
    <subfield code="9">8890</subfield>
  </datafield>
  <datafield tag="700" ind1=" " ind2=" ">
    <subfield code="a">Krieger Rudolf</subfield>
    <subfield code="g">Codice autore musica SPICS: 21939</subfield>
    <subfield code="e">Autore musica</subfield>
    <subfield code="p">The Mosquito</subfield>
    <subfield code="9">8891</subfield>
  </datafield>
  <datafield tag="700" ind1=" " ind2=" ">
    <subfield code="a">Densmore</subfield>
    <subfield code="g">Codice autore SPICS: 26703</subfield>
    <subfield code="e">Autore</subfield>
    <subfield code="p">The Mosquito</subfield>
    <subfield code="9">8892</subfield>
  </datafield>
  <datafield tag="700" ind1=" " ind2=" ">
    <subfield code="a">Manzarek</subfield>
    <subfield code="g">Codice autore testo/musica SPICS: 26725</subfield>
    <subfield code="e">Autore testo/musica</subfield>
    <subfield code="p">The Mosquito</subfield>
    <subfield code="9">8893</subfield>
  </datafield>
  <datafield tag="700" ind1=" " ind2=" ">
    <subfield code="a">Calderon De La Barca</subfield>
    <subfield code="g">Codice autore musica SPICS: 8608</subfield>
    <subfield code="e">Autore musica</subfield>
    <subfield code="p">Eres tu (Touch the Wind)</subfield>
    <subfield code="9">8894</subfield>
  </datafield>
  <datafield tag="700" ind1=" " ind2=" ">
    <subfield code="a">Delgado Roberto</subfield>
    <subfield code="g">Codice autore musica SPICS: 7994</subfield>
    <subfield code="e">Autore musica</subfield>
    <subfield code="p">Happy Mexican</subfield>
    <subfield code="9">8895</subfield>
  </datafield>
  <datafield tag="700" ind1=" " ind2=" ">
    <subfield code="a">Visvikis</subfield>
    <subfield code="g">Codice autore musica SPICS: 26665</subfield>
    <subfield code="e">Autore musica</subfield>
    <subfield code="p">Ela, ela</subfield>
    <subfield code="9">8896</subfield>
  </datafield>
  <datafield tag="700" ind1=" " ind2=" ">
    <subfield code="a">Caracandas</subfield>
    <subfield code="g">Codice autore SPICS: 26704</subfield>
    <subfield code="e">Autore</subfield>
    <subfield code="p">Ela, ela</subfield>
    <subfield code="9">8897</subfield>
  </datafield>
  <datafield tag="700" ind1=" " ind2=" ">
    <subfield code="a">Chatziathanassiou</subfield>
    <subfield code="g">Codice autore testo/musica SPICS: 26726</subfield>
    <subfield code="e">Autore testo/musica</subfield>
    <subfield code="p">Ela, ela</subfield>
    <subfield code="9">8898</subfield>
  </datafield>
  <datafield tag="700" ind1=" " ind2=" ">
    <subfield code="a">Hammond A.</subfield>
    <subfield code="g">Codice autore musica SPICS: 14448</subfield>
    <subfield code="e">Autore musica</subfield>
    <subfield code="p">It Never Rains in Southern California</subfield>
    <subfield code="9">8899</subfield>
  </datafield>
  <datafield tag="700" ind1=" " ind2=" ">
    <subfield code="a">Hazlewood M.</subfield>
    <subfield code="g">Codice autore SPICS: 14449</subfield>
    <subfield code="e">Autore</subfield>
    <subfield code="p">It Never Rains in Southern California</subfield>
    <subfield code="9">8900</subfield>
  </datafield>
  <datafield tag="700" ind1=" " ind2=" ">
    <subfield code="a">Capuano</subfield>
    <subfield code="g">Codice autore musica SPICS: 16102</subfield>
    <subfield code="e">Autore musica</subfield>
    <subfield code="p">Yellow Boomerang</subfield>
    <subfield code="9">8901</subfield>
  </datafield>
  <datafield tag="700" ind1=" " ind2=" ">
    <subfield code="a">Vincent R.</subfield>
    <subfield code="g">Codice autore musica SPICS: 6</subfield>
    <subfield code="e">Autore musica</subfield>
    <subfield code="p">When the Sun Says Goodnight To the Mountain</subfield>
    <subfield code="9">8902</subfield>
  </datafield>
  <datafield tag="700" ind1=" " ind2=" ">
    <subfield code="a">Pease</subfield>
    <subfield code="g">Codice autore SPICS: 26705</subfield>
    <subfield code="e">Autore</subfield>
    <subfield code="p">When the Sun Says Goodnight To the Mountain</subfield>
    <subfield code="9">8903</subfield>
  </datafield>
  <datafield tag="700" ind1=" " ind2=" ">
    <subfield code="a">Barbieri Nicol&#xF2;</subfield>
    <subfield code="g">Codice autore musica SPICS: 14570</subfield>
    <subfield code="e">Autore musica</subfield>
    <subfield code="p">Last Tango in Paris</subfield>
    <subfield code="9">8904</subfield>
  </datafield>
  <datafield tag="942" ind1=" " ind2=" ">
    <subfield code="c">MD</subfield>
    <subfield code="2">ddc</subfield>
  </datafield>
  <datafield tag="952" ind1=" " ind2=" ">
    <subfield code="0">0</subfield>
    <subfield code="1">0</subfield>
    <subfield code="4">0</subfield>
    <subfield code="6">24111_000000000000000</subfield>
    <subfield code="7">1</subfield>
    <subfield code="a">SPICS</subfield>
    <subfield code="b">SPICS</subfield>
    <subfield code="d">2013-10-25</subfield>
    <subfield code="l">0</subfield>
    <subfield code="o">24111</subfield>
    <subfield code="r">2013-10-25 00:00:00</subfield>
    <subfield code="w">2013-10-25</subfield>
    <subfield code="y">MD</subfield>
    <subfield code="z">Progr. Ins.: 4958 / N.Vol.: 1 / Copie: 1 - Copia rara: n.d. / date import: 01.01.2014 - By Epidotti, Trombetti, Vaglietti</subfield>
  </datafield>
</record>
